LEADER 01129nam 2200385 450 001 990000702670203316 010 $a88-14-04838-X 035 $a0070267 035 $aUSA010070267 035 $a(ALEPH)000070267USA01 035 $a0070267 100 $a20011022d1994----km-y0itay0103----ba 101 $aita 102 $aIT 105 $a||||||||001yy 200 1 $aCodice delle leggi dello stato civile$eaggiornamento$f Giuseppe Di Giovine, Giancarlo Zappa 210 $aMilano$cA. Giuffrè$d1994 215 $a143 p.$d19 cm 410 $12001 606 0 $aStato civile$xLegislazione 676 $a346.4501 702 1$aDI GIOVINE,$bGiuseppe 702 1$aZAPPA,$bGiancarlo 710 01$aITALIA$0423419 801 0$aIT$bsalbc$gISBD 912 $a990000702670203316 951 $aCODEX 87 AGG.94$b5181 G$cCODEX 959 $aBK 969 $aGIU 979 $aPATTY$b90$c20011022$lUSA01$h2040 979 $c20020403$lUSA01$h1719 979 $aPATRY$b90$c20040406$lUSA01$h1648 979 $aPATRY$b90$c20061017$lUSA01$h1724 996 $aCodice delle leggi dello stato civile$9575448 997 $aUNISA LEADER 01684nam 2200421 450 001 9910796145103321 005 20230807214945.0 010 $a2-335-04303-X 035 $a(CKB)3790000000024187 035 $a(EBL)2087433 035 $a(MiAaPQ)EBC2087433 035 $a(Au-PeEL)EBL2087433 035 $a(OCoLC)914148713 035 $a(EXLCZ)993790000000024187 100 $a20200120d2015 uy 0 101 0 $afre 135 $aur|n|---||||| 181 $ctxt$2rdacontent 182 $cc$2rdamedia 183 $acr$2rdacarrier 200 10$aA? travers le monde $eInvestigations dans le domaine de l'occultisme /$fWilly Reichel 210 1$a[Place of publication not identified] :$cLigaran,$d[2015] 210 4$d©2015 215 $a1 online resource (116 p.) 300 $aDescription based upon print version of record. 327 $aCouverture; Page de Copyright; Page de titre; I; II; III; IV; V; VI; Postface; Note du traducteur 330 $a Extrait : ""Les brutales perse?cutions que j'ai eu a? subir de la part de certains coryphe?es de la me?decine officielle, a? cause de mon intervention en faveur du magne?tisme animal et du somnambulisme, ont atteint, en 1900, un tel degre? d'acuite? que, pour reposer mon syste?me nerveux e?branle?, j'ai du? entreprendre une se?rie de voyages, et ainsi j'ai pu trouver l'oubli et continuer mes e?tudes."" 606 $aOccultism 615 0$aOccultism. 676 $a133 700 $aReichel$b Willy$01515990 801 0$bMiAaPQ 801 1$bMiAaPQ 801 2$bMiAaPQ 906 $aBOOK 912 $a9910796145103321 996 $aA? travers le monde$93752143 997 $aUNINA